Flags Without Symbols - Statistics

General Stats
  • This quiz has been taken 39 times
  • The average score is 11 of 12
Answer Stats
Picture Answer % Correct
Dominica
94%
Portugal
94%
San-Marino
94%
Serbia
94%
Afghanistan
91%
Eswatini
91%
Montenegro
91%
Angola
88%
Mongolia
88%
St. Vincent and the Grenadines
88%
Belize
84%
Malawi
84%
No matching quizzes found
Score Distribution
Percent of People with Each Score
Percentile by Number Answered
Your Score History
You have not taken this quiz